Представление документа в формате RUSMARC

ПолеНазваниеЗначение
  Тип записи a
  Библиографический уровень m
001 Контрольный номер RU/ГПНТБ России/KNIGADB/63.3(2)6/В 27-272963436
005 Дата корректировки 20211217162022.3
010 Индекс ISBN __
a ISBN 978-5-235-03722-9
b Уточнения в пер.
9 Тираж 3000 экз.
d Цена 761-00
100 Данные общей обработки __
a Данные общей обработки 20210114d2017####m y0rusy0289 ca
101 Язык документа 0_
a Язык текста rus
102 Страна публикации __
a Страна публикации RU
105 Кодированные данные (монография) __
a Кодированные данные (монография) ach z 000yb
181 Поле кодированных данных: вид содержания _0
a Код вида содержания (ISBD) i
182 Поле кодированных данных: тип средства _0
a Код типа средства (ISBD) n
200 Заглавие и сведения об ответственности 1_
a Заглавие Ворошилов
f Первые сведения об ответственности Николай Великанов
203 Вид содержания и тип средства __
a Вид содержания Текст
c Тип средства непосредственное
210 Выходные данные 1_
a Место издания Москва
c Издательство Молодая гвардия
d Дата издания 2017
215 Физическое описание __
a Объем 509, [2] с., [16] л. ил., портр., факс.
c Иллюстрации/тип воспроизводства ил.
d Формат 21 см
225 Серия 2_
a Серия Жизнь замечательных людей
e Сведения, относящиеся к заглавию серии серия биографий
v Обозначение тома вып. 1819 (1619)
f Сведения об ответственности основана в 1890 году Ф. Павленковым и продолжена в 1933 году М. Горьким
320 Библиография __
a Библиография Библиография: с. 502-507
330 Аннотация __
a Аннотация Маршал Советского Союза Климент Ефремович Ворошилов оставил неоднозначный след в истории нашей страны. Это, несомненно, сложная, незаурядная и в то же время противоречивая личность. О Ворошилове до сих пор судят по-разному: одни называют его верным другом Сталина, первым красным офицером, борцом за укрепление РККА, полководцем из народа; другие - сталинским "холуем", оруженосцем грозного "отца народов", палачом Красной армии, бездарным военачальником, хитрым приспособленцем, ведь при всех правителях Советского Союза - Сталине, Хрущеве, Брежневе - Ворошилов был в почете. Автор книги писатель Николай Великанов старается найти объяснение феномену первого Маршала Советского Союза.
600 Персоналии _1
a Персоналии (Фамилия) Ворошилов
b Персоналии (Имя) К. Е.
g Полное имя Климент Ефремович
f Даты 1881-1969
606 Тематические рубрики __
a Основная рубрика Военное дело
606 Тематические рубрики __
a Основная рубрика Вооруженные силы СССР и России
610 Ключевые слова 0_
a Ключевые слова маршалы
610 Ключевые слова 0_
a Ключевые слова военачальники
610 Ключевые слова 0_
a Ключевые слова биографии
610 Ключевые слова 0_
a Ключевые слова биографические данные
610 Ключевые слова 0_
a Ключевые слова биографические материалы
610 Ключевые слова 0_
a Ключевые слова военные деятели
610 Ключевые слова 0_
a Ключевые слова персоналии
610 Ключевые слова 0_
a Ключевые слова участники ВОВ
610 Ключевые слова 0_
a Ключевые слова Великая Отечественная война
610 Ключевые слова 0_
a Ключевые слова исторические деятели
686 Индексы других классификаций __
2 Код системы rubbks
a Классификационный индекс 68.424.3(2)д
700 Автор _1
a Фамилия Великанов
b Имя Н. Т.
g Полное личное имя Николай Тимофеевич
4 Код отношения 070
f Даты 1934-
801 Источник записи _0
b Организация ГПНТБ России
a Страна RU
c Дата составления 20210114
g Правила каталогизации PSBO
801 Источник записи _1
b Организация ГПНТБ России
a Страна RU
c Дата составления 20210114
g Правила каталогизации PSBO
852 Данные о местонахождении 5_
j Шифр хранения 68.424.3(2)д
i Авторский знак В 27
900 Макрообъекты __
a Макрообъекты Ворошилов, 2017
901 Тип документа __
a Ответственный ООФиК/Волкова
t Тип документа m
903 Характеристики (МАРС) __
a Дата передачи 20210126
c Наименование библиотеки (МАРС) Муниципальное бюджетное учреждение культуры "Централизованная библиотечная система" г. Сургут (Центральная городская библиотека им. А. С. Пушкина)
990 Данные о заказе (DOS) __
j Количество экземпляров (DOS) 1
t N записи в КСУ для И/У (DOS) 202102